[Event "RUS-ch"]
[Site "Elista"]
[Date "1994.??.??"]
[Round "11"]
[White "Sherbakov, Ruslan"]
[Black "Rublevsky, Sergei"]
[Result "1/2-1/2"]
[WhiteElo "2510"]
[BlackElo "2565"]
[PlyCount "58"]
[EventDate "1994.09.??"]
[Source "ChessBase"]

1. Nf3 d5 2. d4 Nf6 3. c4 dxc4 4. Nc3 c6 5. a4 Bg4 6. Ne5 Bh5 7. f3 Nfd7 8. Nxc4 e5 9. e4 Qh4+ 10. g3 Qf6 11. dxe5 Qxf3 12. Nd6+ Kd8 13. Qxf3 Bxf3 14. Nxf7+ Ke8 15. e6 Nc5 16. Bc4 Bxh1 17. Nxh8 Nxe4 18. Nxe4 Bxe4 19. Bg5 h6 20. Bf4 Bd5 21. Bxd5 cxd5 22. O-O-O Nc6 23. Rxd5 Rd8 24. Rb5 b6 25. Ng6 Rc8 26. Kb1 Bc5 27. Rb3 Nd4 28. Re3 Nxe6 29. Rxe6+ Kf7 1/2-1/2

[Event "300 Years"]
[Site "St Petersburg"]
[Date "2003.10.23"]
[Round "6"]
[White "Riazantsev, Alexander"]
[Black "Hasangatin, Ramil"]
[Result "1/2-1/2"]
[WhiteElo "2572"]
[BlackElo "2501"]
[PlyCount "170"]
[EventDate "2003.10.18"]
[Source "Roberto Alvarez"]
[SourceDate "2003.10.27"]

1. d4 d5 2. c4 c6 3. Nf3 Nf6 4. Nc3 dxc4 5. a4 Na6 6. e3 Bg4 7. Bxc4 e6 8. h3 Bh5 9. O-O Nb4 10. Qe2 Be7 11. Rd1 O-O 12. g4 Bg6 13. Ne5 Nbd5 14. Nxg6 hxg6 15. e4 Nxc3 16. bxc3 c5 17. d5 exd5 18. Bxd5 Qc7 19. c4 Bd6 20. Rb1 Rab8 21. Bb2 Rfe8 22. Bxf6 gxf6 23. Qf3 Kg7 24. h4 Be5 25. Kg2 Rh8 26. Rh1 b6 27. h5 Bf4 28. Rbd1 Bg5 29. Rh3 Rbd8 30. Rdh1 Qf4 31. Qxf4 Bxf4 32. Kf3 Be5 33. Ke3 g5 34. Ke2 Rhf8 35. Rb3 Rb8 36. Rhb1 Bc7 37. Kd2 a5 38. Ke3 Rfd8 39. Kf3 Re8 40. R3b2 Re7 41. Rb3 Ree8 42. Rd3 Rbd8 43. Rbd1 Be5 44. R3d2 Bf4 45. Rb2 Bc7 46. Rdb1 Rb8 47. Rb3 Re7 48. Rd3 Rd8 49. Rbd1 Be5 50. Ke2 Ree8 51. Rh3 Re7 52. Rf3 Ree8 53. Rb1 Rb8 54. Rd3 Bc7 55. Rbd1 Rbd8 56. Rb3 Re7 57. Ke3 Bf4+ 58. Kf3 Bc7 59. Rd2 Ree8 60. Rdd3 Re7 61. Bc6 Rxd3+ 62. Rxd3 Kh6 63. Bd7 Kg7 64. Bf5 Kh6 65. Rd5 Kg7 66. Rd1 Kh6 67. e5 Bxe5 68. Rd7 Rxd7 69. Bxd7 Bf4 70. Ke2 Kg7 71. f3 Be5 72. Kd3 Bd4 73. Ke4 Be3 74. Kd5 Bd2 75. Kd6 Bc3 76. Bf5 Be5+ 77. Ke7 Bc3 78. Be4 Bd4 79. Bd5 Bc3 80. Bxf7 Bd4 81. Bd5 Bc3 82. Kd7 Bb4 83. Kc6 Bc3 84. Kxb6 Bb4 85. Be4 Kh6 1/2-1/2

[Event "Moscow-ch"]
[Site "Moscow"]
[Date "1981.??.??"]
[Round "13"]
[White "Razuvaev, Yuri S"]
[Black "Vasiukov, Evgeni"]
[Result "1-0"]
[WhiteElo "2525"]
[BlackElo "2545"]
[PlyCount "103"]
[EventDate "1981.06.??"]
[Source "ChessBase"]

1. d4 Nf6 2. Nf3 d5 3. c4 c6 4. Nc3 dxc4 5. a4 Na6 6. e4 Bg4 7. Bxc4 e6 8. Be3 Be7 9. O-O O-O 10. Qe2 Nb4 11. Rac1 Qa5 12. h3 Bh5 13. Rfd1 Rad8 14. g4 Bg6 15. Nd2 h5 16. f3 Rfe8 17. Bb3 Qc7 18. Nc4 Nd7 19. Qh2 Qxh2+ 20. Kxh2 b6 21. Bf4 Nf8 22. Ne5 hxg4 23. hxg4 Bh7 24. Na2 Nxa2 25. Bxa2 c5 26. Nc6 Rc8 27. Nxe7+ Rxe7 28. Bd6 Rd7 29. dxc5 bxc5 30. b4 c4 31. Rxc4 Rcd8 32. Rcd4 Rc8 33. Bc5 Rxd4 34. Rxd4 a5 35. Kg3 axb4 36. Bxb4 g5 37. Be7 Rc2 38. Bb3 Rc3 39. Rb4 Nd7 40. Bd1 f6 41. Rd4 Nc5 42. Bxc5 Rxc5 43. Bb3 Rc6 44. a5 Kf7 45. Rc4 Ra6 46. Rc7+ Kg6 47. Rc5 Bg8 48. Bc4 Ra8 49. a6 Bf7 50. Rc7 Bg8 51. a7 f5 52. Bb5 1-0

[Event "Baden-Baden"]
[Site "Baden-Baden"]
[Date "1981.??.??"]
[Round "?"]
[White "Gheorghiu, Florin"]
[Black "Ivkov, Borislav"]
[Result "1/2-1/2"]
[WhiteElo "2560"]
[BlackElo "2510"]
[PlyCount "71"]
[EventDate "1981.07.??"]
[Source "ChessBase"]

1. d4 d5 2. c4 c6 3. Nf3 Nf6 4. Nc3 dxc4 5. a4 Na6 6. e3 Bg4 7. Bxc4 e6 8. h3 Bh5 9. Be2 Nb4 10. Ne5 Bxe2 11. Qxe2 Be7 12. O-O O-O 13. Rd1 c5 14. dxc5 Qc7 15. Nc4 Rfd8 16. Rxd8+ Rxd8 17. b3 Bxc5 18. Bb2 a6 19. Rd1 Rxd1+ 20. Qxd1 Qd7 21. Kf1 Qd3+ 22. Qxd3 Nxd3 23. Ke2 Nxb2 24. Nxb2 Kf8 25. Nd3 Ba7 26. Ne5 Ke7 27. Kd3 h5 28. Nc4 Kd7 29. Ne5+ Ke7 30. Nc4 Kd7 31. b4 Bb8 32. b5 axb5 33. axb5 Bd6 34. Ne4 Ne8 35. g4 hxg4 36. hxg4 1/2-1/2